TV Show Characters (1950s) Quiz Stats

Quiz Updated Feb 13, 2018

Challenge
Share
Tweet
Score 0/24 Timer 05:00
3 Plays Today
Hint Answer % Correct
Lucy Ricardo (I Love Lucy)
97.2%
Superman (Adventures of Superman)
96.2%
Lassie (Lassie)
94.9%
Zorro (Zorro)
91.9%
Bullwinkle (The Rocky and Bullwinkle Show)
91.1%
Beaver Cleaver (Leave It to Beaver)
87.8%
Gumby (The Gumby Show)
86.2%
Woody Woodpecker (The Woody Woodpecker Show)
85.5%
Captain Kangaroo (Captain Kangaroo)
71.7%
Huckleberry Hound (The Huckleberry Hound Show)
67.6%
Felix the Cat (Felix the Cat)
64.9%
Dennis Mitchell (Dennis the Menace)
64.7%
Hint Answer % Correct
Perry Mason (Perry Mason)
63.1%
Bret Maverick (Maverick)
55.7%
Sgt. Joe Friday (Dragnet)
54.5%
Ben Cartwright (Bonanza)
54.4%
Alice Kramden (The Honeymooners)
51.6%
Donna Stone (The Donna Reed Show)
45.7%
Matt Dillon (Gunsmoke)
43%
Rowdy Yates (Rawhide)
28%
Jim Anderson (Father Knows Best)
23%
Luke McCoy (The Real McCoys)
14.5%
Charlie Wooster (Wagon Train)
4.4%
Stuart 'Stu' Bailey (77 Sunset Strip)
2.7%

You're not logged in!

Compare scores with friends on all Sporcle quizzes.
Sign Up with Email
OR
Log In

You Might Also Like...

Show Comments

Extras

Top Quizzes Today


Score Distribution

Your Account Isn't Verified!

In order to create a playlist on Sporcle, you need to verify the email address you used during registration. Go to your Sporcle Settings to finish the process.

Report this User

Report this user for behavior that violates our Community Guidelines.

Details: